[Event "GER-chT U10"]
[Site "Magdeburg"]
[Date "2016.12.29"]
[Round "6.3"]
[White "Blume, Leo"]
[Black "Lautenbach, Ferdinand"]
[Result "0-1"]
[WhiteElo "749"]
[BlackElo "852"]
[PlyCount "30"]
[EventDate "2016.12.27"]
[EventType "team-swiss"]
[EventRounds "7"]
[EventCountry "GER"]
[SourceTitle "EXT 2018"]
[Source "ChessBase"]
[SourceDate "2017.10.13"]
[SourceVersion "1"]
[SourceVersionDate "2017.10.13"]
[SourceQuality "1"]
[WhiteTeam "Essen Werden"]
[BlackTeam "Walldorf"]
[WhiteTeamCountry "GER"]
[BlackTeamCountry "GER"]

1. e4 e5 2. Nf3 Nc6 3. Bc4 Nf6 4. Ng5 d5 5. exd5 Nxd5 6. Nxf7 Kxf7 7. Qf3+ Ke8 8. Bxd5 Qf6 9. Bxc6+ bxc6 10. Qe4 Bf5 11. Qc4 Be6 12. Qxc6+ Kf7 13. Qxa8 Bc5 14. Qxh8 Qxf2+ 15. Kd1 Bg4# 0-1

[Event "GER-chT U10"]
[Site "Magdeburg"]
[Date "2016.12.27"]
[Round "1.3"]
[White "Lautenbach, Ferdinand"]
[Black "Ermitsch, Magnus"]
[Result "1/2-1/2"]
[WhiteElo "852"]
[BlackElo "1122"]
[PlyCount "64"]
[EventDate "2016.12.27"]
[EventType "team-swiss"]
[EventRounds "7"]
[EventCountry "GER"]
[SourceTitle "EXT 2018"]
[Source "ChessBase"]
[SourceDate "2017.10.13"]
[SourceVersion "1"]
[SourceVersionDate "2017.10.13"]
[SourceQuality "1"]
[WhiteTeam "Walldorf"]
[BlackTeam "Friedrichsfelde Borussia"]
[WhiteTeamCountry "GER"]
[BlackTeamCountry "GER"]

1. e4 e6 2. d4 d5 3. exd5 exd5 4. Nc3 Nf6 5. Nf3 Bf5 6. Bd3 Bxd3 7. Qxd3 Nc6 8. Bg5 h6 9. Bxf6 gxf6 10. Qf5 Bb4 11. 0-0 Bxc3 12. bxc3 Qd6 13. Rfe1+ Ne7 14. Qd3 0-0-0 15. Rab1 c6 16. c4 h5 17. c5 Qc7 18. c4 Rd7 19. cxd5 Nxd5 20. Qf5 Kb8 21. Rb2 Qc8 22. h3 Re7 23. Qxc8+ Kxc8 24. Rxe7 Nxe7 25. a4 a6 26. a5 Re8 27. Re2 Kd7 28. g4 hxg4 29. hxg4 Rg8 30. Re4 f5 31. Ne5+ Ke8 32. Rf4 fxg4 1/2-1/2